Регионална библиотека "Любен Каравелов" - Русе

Русе - преживени театрални мигове (Запис номер 85124)

MARC детайли
000 -Лидер
Контролно поле с фиксирана дължина 02200nam a2200505 c 4500
003 - Код на организацията, давaща контролен номер
Контролно поле BLK
005 - Дата и час на последна редакция
Контролно поле 20241115123128.0
008 - Елементи от данни с фиксирана дължина
fixed length control field 180408b bul|||||r ||||||| ||bul||
010 ## - Наследен системен номер
LC control number KNG00089720000
020 ## - Международен стандартен номер на книга ISBN
Международен стандартен номер на книга ISBN 978-954-8190-63-3
040 ## - Източник на каталожния запис
Идентификатор на билиотеката - собственик на записа BLK
041 ## - Код за език
Код за езика на текст/звукозапис или на отделно заглавие Български
Код за езика КДБФ Български
072 #7 - Код за тематичната категория
Код организация bullib
Код за тематична категория К
Текст Краезнание
072 #7 - Код за тематичната категория
Код организация bullib
Код за тематична категория РА
Текст Русенски автори
080 ## - УДК
Текстов определител УДК Театър. Сценично изкуство. Вж 725.82; 782; 82-2
УДК код - определител по УДК 792
УДК определител (497.215)(093.3)
УДК - код + определител 792(497.215)(093.3)
080 ## - УДК
Текстов определител УДК Сценични работници. Професионални сцени и театрални артисти. Сценични директори. Сценични актьори, музиканти, представления
УДК код - определител по УДК 792.071
УДК определител (497.215)(092)(093.3)
УДК - код + определител 792.071(497.215)(092)(093.3)
080 ## - УДК
Текстов определител УДК Биографии
УДК код - определител по УДК 929
УДК определител (497.215)
УДК - код + определител 929(497.215)
100 ## - Редна дума - Автор
Автор Гергицов, Крум Евлогиев
Дати, свързани с автора 1949-
Автор - информация (биография) Театровед, литературен критик.
R(LIN) 373646
139 ## - Редно поле
Редна дума Гергицов, Крум
Авторски знак Гер - Г 38
245 10 - Сведения за заглавието
Заглавие Русе - преживени театрални мигове
Подзаглавни данни Спомени, размисли и крит. наблюдения за театралния живот в Русе 1976-2008
Редно поле (дума) Крум Гергицов.
257 ## - Страна на издаване
Страна на създаване/издаване България
260 ## - Област на издателските данни
Име на издателя, разпространителя и проч. Лени-Ан
Година на издаване 2009
300 ## - Физическа характеристика
Страници 330 с.
Илюстрации и др. с ил.
Размери/Мащаб 21 см
380 ## - Жанр
Жанр Изкуство
500 ## - Общи забележки
Забележка Офс. изд.
650 #4 - Допълнително описание по предмет – тема
Основно описание – тема или топоним Театър - България - история
9 (RLIN) 260534
650 #4 - Допълнително описание по предмет – тема
Основно описание – тема или топоним Артисти, български - спомени
9 (RLIN) 250105
650 #4 - Допълнително описание по предмет – тема
Основно описание – тема или топоним Актьори, български
9 (RLIN) 263862
651 #4 - Допълнително описание по предмет - топоним
Географско понятие Русе
9 (RLIN) 179462
651 #4 - Допълнително описание по предмет - топоним
Географско понятие България
9 (RLIN) 241624
653 ## - Ключова дума – ненормативна
Ключова дума театър
653 ## - Ключова дума – ненормативна
Ключова дума артисти
653 ## - Ключова дума – ненормативна
Ключова дума актьори
653 ## - Ключова дума – ненормативна
Ключова дума театрални дейци
653 ## - Ключова дума – ненормативна
Ключова дума спомени
659 ## - Тематичен бюлетин
Тематичен бюлетин К
852 ## - Местоположение
Форматна сигнатура Цб 244167
852 ## - Местоположение
Форматна сигнатура К 792/Г 38 К
856 4# - Електронен адрес и достъп
Електронен формат pdf - файл
856 4# - Електронен адрес и достъп
Електронен формат pdf - файл
999 ## - СИСТЕМНИ КОНТРОЛНИ НОМЕРА
Koha biblionumber 85124
Koha biblioitemnumber 85124
942 ## - АРТИКУЛИ
Вид на библиотечния материал Книги
Скрит в OPAC Не
Периодичен библиозапис Да
Koha issues (borrowed), all copies 1
944 ## - СЪЗДАВАНЕ И РЕДАКЦИЯ на ЗАПИСА
Създаване/Редакция Създаване
Дата на регистрацията/редакция 28.05.2009
Статус, дата на статуса Русанова Ирена
Служител, извършил регистрацията/редакцията 30542
944 ## - СЪЗДАВАНЕ И РЕДАКЦИЯ на ЗАПИСА
Създаване/Редакция Редакция
Дата на регистрацията/редакция 12.02.2015
Статус, дата на статуса ф /
Служител, извършил регистрацията/редакцията Ирена_Линкова
999 ## - СИСТЕМНИ КОНТРОЛНИ НОМЕРА
Koha biblioitemnumber 85124
Наличности
Код за отписване Код за изгубен артикул Източник на класификационната схема Код за повреда Коз за рестрикции Код за отдаване Артикулен № Име на библиотеката - собственик Име на библиотеката, в която се намира в момента Статус (Текущо местоположение) Дата на вписване в системата Местоположение - отдел Цена в лева Инвентарен номер Систематично азбучна сигнатура Баркод Номер на екземпляра Цена в евро Служебна бележка Служебен тип на артикула Номерация (Хронология)
  Не е изгубен Universal Decimal Classification Не е повреден без рестрикции заемане за дома 138048 Регионална библиотека "Любен Каравелов" Русе Регионална библиотека "Любен Каравелов" Русе Отдел Изкуство - подръчен фонд 2009-05-28 Отдел Изкуство - подръчен фонд 15.00 120000735894 792(497.2)/Г 38 120000735894 1 7.67 Дост: DA Вид: А N: 6 Дата: 28.05.2009 Дата инв: 05.04.2017 Бележки инв: ИП2017 Книги  
  Не е изгубен Universal Decimal Classification Не е повреден без рестрикции заемане за дома 138049 Регионална библиотека "Любен Каравелов" Русе Регионална библиотека "Любен Каравелов" Русе Отдел Изкуство - подръчен фонд 2009-05-28 Отдел Изкуство - подръчен фонд 15.00 120000735895 792(497.2)/Г 38 120000735895 2 7.67 Дост: DA Вид: А N: 6 Дата: 28.05.2009 Дата инв: 18.06.2012 Бележки инв: * Книги  
  Не е изгубен Universal Decimal Classification Не е повреден само за читалня ползва се в читалня 138050 Регионална библиотека "Любен Каравелов" Русе Регионална библиотека "Любен Каравелов" Русе Краезнание 2009-05-28 Краезнание 15.00 120000735896 К 792/Г 38 К 120000735896 3 7.67 Дост: DA Вид: А N: 6 Дата: 28.05.2009 Дата инв: 06.11.2017 Бележки инв: К2017 Книги Автограф: Крум Гергицов
  Не е изгубен Universal Decimal Classification Не е повреден без рестрикции заемане за дома 138051 Регионална библиотека "Любен Каравелов" Русе Регионална библиотека "Любен Каравелов" Русе Отдел Изкуство - подръчен фонд 2009-07-21 Отдел Изкуство - подръчен фонд 15.00 120000737209 792(497.2)/Г 38 120000737209 4 7.67 Дост: DA Вид: А N: 9 Дата: 21.07.2009 Дата инв: 05.04.2017 Бележки инв: ИП2017 Книги  
  Не е изгубен Universal Decimal Classification Не е повреден само за читалня ползва се в читалня 138052 Регионална библиотека "Любен Каравелов" Русе Регионална библиотека "Любен Каравелов" Русе Хранилище 2010-04-14 Хранилище 15.00 120000743399 Цб 244167 120000743399 5 7.67 Дост: Dp Вид: Д N: 39 Дата: 16.09.2009 Книги  
Vip Innovations Ltd, Rousse, Bulgaria 2025